|
|
|
|
| LEADER |
00000naa0a2200000 4500 |
| 001 |
594936 |
| 005 |
20250221114044.0 |
| 035 |
|
|
|a (RuTPU)RU\TPU\tpu\12257
|
| 090 |
|
|
|a 594936
|
| 100 |
|
|
|a 20050603d1984 k y0rusy50 ca
|
| 101 |
0 |
|
|a rus
|
| 102 |
|
|
|a RU
|
| 200 |
1 |
|
|a Синтез генераторов импульсных колебаний
|f Ю. К. Рыбин
|
| 461 |
|
|
|t 9 Международная конференция нелинейным колебаниям (Киев, 1984)
|
| 463 |
|
|
|t Т. 3
|v С. 471-474
|d 1984
|
| 610 |
1 |
|
|a генераторы
|
| 610 |
1 |
|
|a импульсные колебания
|
| 610 |
1 |
|
|a синтез
|
| 610 |
1 |
|
|a труды учёных ТПУ
|
| 700 |
|
1 |
|a Рыбин
|b Ю. К.
|
| 801 |
|
1 |
|a RU
|b 63413507
|c 20050603
|g PSBO
|
| 801 |
|
2 |
|a RU
|b 63413507
|c 20100421
|g RCR
|
| 942 |
|
|
|c BK
|